Text. Nation. Geschlecht
| Titel: | Text. Nation. Geschlecht : Schriftstellerinnen in der polnischen Romantik / Samanta Gorzelniak |
|---|---|
| Verfasser: | |
| Veröffentlicht: | Sulzbach : Helmer, 2013 |
| Umfang: | 243 S. : Ill. |
| Format: | Buch |
| Sprache: | Deutsch |
| Hochschulschrift: | Zugl.: Tübingen, Univ., Diss., 2011 |
| RVK-Notation: |
·
·
|
| ISBN: | 9783897413566 ; 3897413566 |
| Hinweise zum Inhalt: |
Inhaltsverzeichnis
|
alg: 33409743 001A $03019:27-11-13 001B $06062:11-08-23 $t08:38:28.000 001D $03019:27-11-13 001U $0utf8 001X $00 002@ $0Aau 003@ $0334097436 003O $0864818064 $aOCoLC 004A $A978-3-89741-356-6 $fPb. : EUR 29.95 (DE), EUR 30.80 (AT), sfr 40.90 (freier Pr.) 004A $03-89741-356-6 004K $09783897413566 006G $01034271679 006H $0TOCNEUA1349 $2DNB 006T $013,N20 006U $013,A50 $f20130506 006U $014,H01 007A $01034271679 $aDNB 009P $qapplication/pdf $A2 $3Inhaltsverzeichnis $uhttp://d-nb.info/1034271679/04 $mB:DE-101 010@ $ager 011@ $a2013 013H $0u 021A $aText. Nation. Geschlecht $dSchriftstellerinnen in der polnischen Romantik $hSamanta Gorzelniak 028A $7104447422X $8Gorzelniak, Samanta$Z1978- [Tp3] $9333967291 033A $pSulzbach $nHelmer 034D $a243 S. 034M $aIll. 037C $aZugl.: $bTübingen $cUniv., Diss., 2011 041A $RLechisch $#Polnische Sprache $74120314-8 $8Polnisch [Tsz] $9085383503 041A/01 $RFrau $RLiteratur $#Literature Women authors $#Littérature Femmes écrivains $#Literatura Autoras $#Feminismus Literatur $#Feministische Literatur $#Frauendichtung $#Frau Literatur $74113622-6 $8Frauenliteratur [Ts1] $9085336548 041A/02 $RBiedermeier $#Romanticism $#Romantisme $#Romanticismo $#Romantik $#Frühromantik $#Spätromantik $74050491-8 $8Romantik [Ts1] $9085140775 045E $c891.8 045F $a891.85099287 $eDDC22ger 045F/01 $a891.85 045F/03 $j9287 045Z $8KO 6410 [Tkv] $9409258393 045Z $8KO 6420 [Tkv] $9409258407 045Z $8KO 6210 [Tkv] $9409258121 046X $aArchivierung/Langzeitarchivierung gewährleistet $5DE-43 $fPEHE lok: 33409743 11 exp: 33409743 11 1 #EPN 201B/01 $012-12-13 $t09:42:13.000 201C/01 $009-12-13 201U/01 $0utf8 203@/01 $072447840X 208@/01 $a12-12-13 $bz 209A/01 $a60 13 A 9323 $du $f100 $x00 209B/01 $a019/1312 $x05 209C/01 $aP-13-2838 209G/01 $a00542555 $x00 247C/01 $8620100-3 <43>Wiesbaden, Hochschul- und Landesbibliothek RheinMain, Rheinstraße $9102599572 lok: 33409743 66 exp: 33409743 66 1 #EPN 201B/01 $027-11-13 $t12:35:14.000 201C/01 $027-11-13 201U/01 $0utf8 203@/01 $0723699135 208@/01 $a27-11-13 $bz 209A/01 $aLw Go-S/T $du $f000 $x00 209C/01 $a13/k1597 247C/01 $8618123-5Darmstadt, Bibliothek des Deutschen Polen-Instituts $9102600902 lok: 33409743 78 exp: 33409743 78 1 #EPN 201B/01 $012-08-19 $t11:37:44.000 201C/01 $012-08-19 201U/01 $0utf8 203@/01 $0105767205X 208@/01 $a12-08-19 $be 209A/01 $a/ $f000 $x00 209A/01 $ab*p $x01 220C/01 $aeja 244Z/01 $#Generalgouvernement Polen $#Polska $#Rzeczpospolita Polska $#Polska Rzeczpospolita Ludowa $#Poland $#Pologne $#République Polonaise $#Generalne Gubernatorstwo w Polsce $#Polish People's Republic $#Polska Rzeczpospolita Polen $#PRL $#RP $#Polen Generalgouvernement $#Polska Generalgouvernement $#Besetzte Polnische Gebiete $#Besetztes Gebiet in Polen $#Okupowane Polskie Obszary $#Obszary Okupowane w Polsce $#Volksrepublik Polen $#Polska Rosyjska $#Republic Polen $#Respublika Pol'ša $#Pol'skaja Narodnaja Respublika $#République de Pologne $#Polen Links der Weichsel $#Polska po Lewej Stronie Wisły $#Lenkija $#Polija $#Gubernija Carstva Pol'skago $#Republik Polen $74046496-9 $8--Tg1--Polen $x01 $9085129801 247C/01 $82080>Marburg/Lahn, Herder-Institut, Forschungsbibliothek, Bibliographieportal $9336309341
| LEADER | 00000cam a2200000 c 4500 | ||
|---|---|---|---|
| 001 | 334097436 | ||
| 003 | DE-603 | ||
| 005 | 20230811083828.0 | ||
| 007 | tu | ||
| 008 | 131127s2013 xx |||| m u00||u|ger | ||
| 015 | |a 13,A50 |z 13,N20 |2 dnb | ||
| 016 | 7 | |2 DE-101 |a 1034271679 | |
| 020 | |a 9783897413566 |c Pb. : EUR 29.95 (DE), EUR 30.80 (AT), sfr 40.90 (freier Pr.) | ||
| 020 | |a 3897413566 | ||
| 024 | 3 | |a 9783897413566 | |
| 035 | |a (DE-599)DNB1034271679 | ||
| 035 | |a (OCoLC)864818064 | ||
| 040 | |a DE-603 |b ger |c DE-603 |d DE-603 | ||
| 041 | |a ger | ||
| 082 | 0 | 4 | |8 1\u |a 891.85099287 |q DE-101 |2 22/ger |
| 084 | |a 891.8 |q DE-101 |2 sdnb | ||
| 084 | |a KO 6410 |0 (DE-625)80586: |0 (DE-603)409258393 |2 rvk | ||
| 084 | |a KO 6420 |0 (DE-625)80587: |0 (DE-603)409258407 |2 rvk | ||
| 084 | |a KO 6210 |0 (DE-625)80559: |0 (DE-603)409258121 |2 rvk | ||
| 085 | |8 1\u |b 891.85 | ||
| 085 | |8 1\u |z 3C |s 9287 | ||
| 100 | 1 | |a Gorzelniak, Samanta |d 1978- |0 (DE-603)333967291 |0 (DE-588)104447422X |2 gnd | |
| 245 | 0 | 0 | |a Text. Nation. Geschlecht |b Schriftstellerinnen in der polnischen Romantik |c Samanta Gorzelniak |
| 264 | 1 | |a Sulzbach |b Helmer |c 2013 | |
| 300 | |a 243 S. |b Ill. | ||
| 502 | |a Zugl.: Tübingen, Univ., Diss., 2011 | ||
| 650 | 7 | |a Polnisch |0 (DE-588)4120314-8 |0 (DE-603)085383503 |2 gnd | |
| 650 | 7 | |a Frauenliteratur |0 (DE-588)4113622-6 |0 (DE-603)085336548 |2 gnd | |
| 650 | 7 | |a Romantik |0 (DE-588)4050491-8 |0 (DE-603)085140775 |2 gnd | |
| 856 | 4 | 2 | |m B:DE-101 |q application/pdf |u http://d-nb.info/1034271679/04 |3 Inhaltsverzeichnis |
| 924 | 0 | |9 43 |a (DE-603)72447840X |b DE-43 |c HES |d c |g 60 13 A 9323 | |
| 924 | 0 | |9 Ds 123 |a (DE-603)723699135 |b DE-Ds123 |c HES |d d |g Lw Go-S/T | |
| 924 | 0 | |9 2080 |a (DE-603)105767205X |b DE-2080 |c HES |d d |g / | |


